Scacchi: non farti mangiare #1 - Morte improvvisa - Statistics

Statistiche generali
  • Questo quiz è stato fatto 248 volte
  • Il punteggio medio è 7 su 15
Answers on the Grid
Answers color-coded by a green-red scale on the quiz's grid according to % correct below.
 
Statistiche sulle risposte
Risposta % Corretto
60%
58%
54%
52%
52%
52%
48%
48%
46%
46%
40%
38%
34%
32%
26%
Nessun quiz corrispondente trovato
Distribuzione punteggi
Percentuale di utenti per punteggio
Percentile per numero di risposta
I tuoi punteggi nel tempo
Non hai fatto questo quiz